Vector mechanics for engineers (Record no. 4856)

000 -LEADER
fixed length control field 00594nam a2200217 a 4500
001 - CONTROL NUMBER
control field 4856
003 - CONTROL NUMBER IDENTIFIER
control field BD-DhUET
008 - FIXED-LENGTH DATA ELEMENTS--GENERAL INFORMATION
fixed length control field 840307s1984 nyua 001 0 eng
020 ## - INTERNATIONAL STANDARD BOOK NUMBER
International Standard Book Number 0070044384
040 ## - CATALOGING SOURCE
Original cataloging agency DLC
Transcribing agency DLC
Modifying agency BD-DhUET
082 00 - DEWEY DECIMAL CLASSIFICATION NUMBER
Classification number 620.1
Item number BEE/1984
100 ## - MAIN ENTRY--PERSONAL NAME
Personal name Beer, Ferdinand P.
245 10 - TITLE STATEMENT
Title Vector mechanics for engineers
Remainder of title statics and dynamics
250 ## - EDITION STATEMENT
Edition statement 4th ed.
260 ## - PUBLICATION, DISTRIBUTION, ETC. (IMPRINT)
Place of publication, distribution, etc. New York
Name of publisher, distributor, etc. McGraw-Hill
Date of publication, distribution, etc. 1984
300 ## - PHYSICAL DESCRIPTION
Extent xxi, 926 p.
Other physical details ill.
Dimensions 24 cm.
504 ## - BIBLIOGRAPHY, ETC. NOTE
Bibliography, etc Includes bibliographies
650 #0 - SUBJECT ADDED ENTRY--TOPICAL TERM
Topical term or geographic name as entry element Engineering instruments
700 1# - ADDED ENTRY--PERSONAL NAME
Personal name Johnston, E. Russell
942 ## - ADDED ENTRY ELEMENTS (KOHA)
Koha item type General Book
Holdings
Price effective from Date acquired Koha item type Koha full call number Koha issues (times borrowed) Copy number Not for loan Damaged status Lost status Location (home branch) Sublocation or collection (holding branch) Piece designation (barcode) Koha date last seen Koha normalized classification for sorting Koha date last borrowed Shelving location Source of classification or shelving scheme Withdrawn status
2014-11-232014-11-23General Book620.1/BEE/1984 1   Central Library, BUETCentral Library, BUET660512015-12-08620_100000000000000_BEE_1984 Circulation section  
2014-11-242014-11-24General Book620.1/BEE/198421   Central Library, BUETCentral Library, BUET660422022-06-20620_000000000000000_1BEE19842022-06-12Circulation section  
2014-11-292014-11-29General Book620.1/BEE/198441   Central Library, BUETCentral Library, BUET660862023-06-07620_100000000000000_BEE_19842023-01-10Circulation section  
2014-12-112014-12-11General Book620.1 /BEE/1984149   Central Library, BUETCentral Library, BUET660442025-05-28620_100000000000000_BEE_19842025-04-30Circulation section  
2014-12-112014-12-11General Book620.1/BEE/1984 1   Central Library, BUETCentral Library, BUET660122015-02-23620_100000000000000_BEE_1984 Circulation section  
2015-01-192015-01-19General Book620.1/BEE/1984 6   Central Library, BUETCentral Library, BUET660432015-12-22620_100000000000000_BEE_1984 Circulation section  
2015-02-162015-02-16General Book620.1/BEE/198417   Central Library, BUETCentral Library, BUET813362022-12-13620_100000000000000_BEE_19842022-11-21Circulation section  
2015-04-012015-04-01General Book620.1/BEE/198411   Central Library, BUETCentral Library, BUET660482018-04-30620_100000000000000_BEE_19842018-04-18Circulation section  
2015-06-212015-06-21Reading Item620.1/BEE/1984 9   Central Library, BUETCentral Library, BUET660152015-06-21620_100000000000000_BEE_1984 Reading section  
2015-06-222015-06-22General Book620.1/BEE/1984 10   Central Library, BUETCentral Library, BUET660142015-06-22620_100000000000000_BEE_1984 Reading section  
2015-06-222015-06-22General Book620.1/BEE/1984 11   Central Library, BUETCentral Library, BUET660132015-06-22620_100000000000000_BEE_1984 Reading section  
2015-06-292015-06-29Reading Item620.01/BEE/1984 12   Central Library, BUETCentral Library, BUET660952015-06-29620_010000000000000_BEE_1984 Reading section  
2015-07-282015-07-28General Book620.1/BEE/1984 13   Central Library, BUETCentral Library, BUET755022015-07-28620_100000000000000_BEE_1984 Circulation section